000 00216 a2200097 4500
001 58112
100 _a
245 _aGuidance and career counselling
260 _aNew Delhi
_bA P H Pub
_c2005
090 _c35621
_d35621
942 _aNUST-CAE
_cM
_c28471
999 _c293185
_d293185